[Event "Junior Online 4NCL Division 5"]
[Site "online"]
[Date "2021.03.04"]
[EventDate "2021.03.04"]
[Round "4.361"]
[White "Rolletta, Giuseppe"]
[WhiteElo "1137"]
[WhiteTeam "Golden Falcons 2"]
[Black "Edwards, Zachary"]
[BlackElo "823"]
[BlackTeam "Surrey Kings 7"]
[Result "1-0"]
[PlyCount "127"]

1. d4 d5 2. e3 e6 3. Bb5+ c6 4. Ba4 b5 5. Bb3 a5 6. c3 a4 7. Bc2 c5 8. a3 cxd4 9. exd4 Nf6 10. b4 Ng4 11. Qxg4 Bd6 12. Bg5 Qc7 13. c4 Qxc4 14. Bd1 e5 15. Qf3 exd4 16. Nd2 Qc3 17. Qxc3 dxc3 18. Ndf3 Bf4 19. Ke2 Bxg5 20. Nxg5 Bg4+ 21. Ke1 Bxd1 22. Kxd1 d4 23. N1f3 d3 24. Kc1 d2+ 25. Kc2 d1=Q+ 26. Kxd1 O-O 27. Kc2 Rc8 28. Rac1 Nc6 29. Kxc3 Ne7+ 30. Kb2 Rxc1 31. Kxc1 Rc8+ 32. Kd1 Nd5 33. Re1 Nc3+ 34. Kd2 Ne4+ 35. Ke2 Nc3+ 36. Kd2 Nb1+ 37. Rxb1 f6 38. Ne4 f5 39. Ng3 f4 40. Nh5 g5 41. Nxg5 h6 42. Ne6 Rc4 43. Nhxf4 Kf7 44. Nd8+ Kf6 45. Nh3 Rd4+ 46. Ke2 Rxd8 47. g3 Kf5 48. f4 Kg4 49. Nf2+ Kf5 50. g4+ Kxf4 51. h4 Kg3 52. Ne4+ Kxg4 53. Nf6+ Kxh4 54. Rh1+ Kg5 55. Ne4+ Kg6 56. Kf3 Re8 57. Kf4 Re7 58. Rg1+ Kh7 59. Rh1 Re6 60. Rg1 Re8 61. Nf6+ Kh8 62. Nxe8 Kh7 63. Nf6+ Kh8 64. Rg8# 1-0

[Event "Junior Online 4NCL Division 5"]
[Site "online"]
[Date "2021.03.04"]
[EventDate "2021.03.04"]
[Round "4.363"]
[White "Masterskikh, Elena"]
[WhiteElo "870"]
[WhiteTeam "Golden Falcons 2"]
[Black "Gardner, Oliver"]
[BlackElo "731"]
[BlackTeam "Surrey Kings 7"]
[Result "0-1"]
[PlyCount "112"]

1. e4 e5 2. d4 d5 3. dxe5 Bb4+ 4. c3 Bxc3+ 5. bxc3 Bg4 6. f3 Bxf3 7. gxf3 Nf6 8. exf6 gxf6 9. h3 f5 10. Nd2 fxe4 11. fxe4 dxe4 12. Nxe4 Qh4+ 13. Ke2 Qxe4+ 14. Kf2 Qxh1 15. Be2 Qh2+ 16. Ke3 O-O 17. Bd3 Re8+ 18. Kd4 c5+ 19. Kxc5 Na6+ 20. Kc4 Qc7+ 21. Kd4 Qd7+ 22. Kc4 Rec8+ 23. Kb3 Rc6 24. Qc2 Rb6+ 25. Kc4 Nb4 26. Bxh7+ Kh8 27. Bh6 Nxc2 28. Nf3 Ne3+ 29. Kc5 Qc6+ 30. Kd4 Qd5+ 31. Kxe3 Re8+ 32. Kf4 Rf6+ 33. Kg4 Rxh6 34. Ng5 Re4+ 35. Nxe4 Qxe4+ 36. Kg5 Qxh7 37. Kf4 Rh4+ 38. Kf3 Qf5+ 39. Ke3 Qf6 40. Rg1 Qxc3+ 41. Ke2 Re4+ 42. Kf2 Qe3+ 43. Kg2 Rf4 44. a4 Qf2+ 45. Kh1 Qf3+ 46. Rg2 Qf1+ 47. Rg1 Qf3+ 48. Rg2 Rh4 49. Kh2 Rxh3+ 50. Kg1 Qe3+ 51. Rf2 Rg3+ 52. Kf1 Qc1+ 53. Ke2 Qe3+ 54. Kf1 Qd3+ 55. Ke1 Re3+ 56. Re2 Qxe2# 0-1

[Event "Junior Online 4NCL Division 5"]
[Site "online"]
[Date "2021.03.04"]
[EventDate "2021.03.04"]
[Round "4.364"]
[White "Liu, Kieron"]
[WhiteElo "134"]
[WhiteTeam "Surrey Kings 7"]
[Black "Masterskikh, Luka"]
[BlackElo "500"]
[BlackTeam "Golden Falcons 2"]
[Result "0-1"]
[PlyCount "98"]

1. Nf3 d5 2. g3 f6 3. Bg2 c6 4. Nc3 e5 5. d4 Bd6 6. dxe5 fxe5 7. O-O Nd7 8. Bg5 Ne7 9. e4 Qa5 10. exd5 cxd5 11. Nxd5 Nxd5 12. Nxe5 Nxe5 13. Bxd5 Bh3 14. Re1 Bb4 15. c3 Bd6 16. b4 Qb6 17. Qa4+ Kf8 18. Qb3 a6 19. c4 Bb8 20. c5 Qg6 21. Rxe5 Bxe5 22. Bxb7 Bxa1 23. Bxa8 Qxg5 24. Qb1 Qf6 25. Bg2 Bf5 26. Qc1 Kf7 27. c6 Rc8 28. Bd5+ Kg6 29. b5 axb5 30. Qc5 Qe5 31. Bf7+ Kxf7 32. Qxe5 Bxe5 33. a4 bxa4 34. Kf1 Rxc6 35. f4 Bd4 36. Ke1 a3 37. Kd1 a2 38. g4 a1=Q+ 39. Kd2 Bxg4 40. Kd3 Qc3+ 41. Ke4 Re6+ 42. Kd5 Qc6+ 43. Kxd4 Qd6+ 44. Kc4 Re4+ 45. Kb5 Qd5+ 46. Kb6 Re6+ 47. Kc7 Qd6+ 48. Kc8 Re7+ 49. f5 Bxf5# 0-1

[Event "Junior Online 4NCL Division 5"]
[Site "online"]
[Date "2021.03.04"]
[EventDate "2021.03.04"]
[Round "4.365"]
[White "Edwards, Zachary"]
[WhiteElo "823"]
[WhiteTeam "Surrey Kings 7"]
[Black "Rolletta, Giuseppe"]
[BlackElo "1137"]
[BlackTeam "Golden Falcons 2"]
[Result "1-0"]
[PlyCount "65"]

1. e4 e5 2. Nf3 Nf6 3. Nc3 Nc6 4. d4 d5 5. Bg5 dxe4 6. Nxe5 Nxe5 7. dxe5 Qxd1+ 8. Nxd1 Bg4 9. exf6 Bb4+ 10. Nc3 h6 11. fxg7 Rg8 12. Bxh6 f5 13. Bb5+ Kf7 14. Bc4+ Ke7 15. Bxg8 Bxc3+ 16. bxc3 Rxg8 17. Rb1 Kf7 18. Rxb7 e3 19. Rxc7+ Ke8 20. Rc8+ Kf7 21. Rxg8 Kxg8 22. O-O f4 23. fxe3 fxe3 24. Re1 e2 25. Rb1 e1=Q+ 26. Rxe1 a5 27. Re8+ Kh7 28. g8=Q+ Kxh6 29. Qxg4 Kh7 30. Qe6 Kg7 31. Re7+ Kf8 32. Ra7 a4 33. Qc8# 1-0

[Event "Junior Online 4NCL Division 5"]
[Site "online"]
[Date "2021.03.04"]
[EventDate "2021.03.04"]
[Round "4.366"]
[White "Morozova, Eva"]
[WhiteElo "1100"]
[WhiteTeam "Golden Falcons 2"]
[Black "Saraty, Thomas"]
[BlackElo "865"]
[BlackTeam "Surrey Kings 7"]
[Result "0-1"]
[PlyCount "60"]

1. d4 d5 2. c4 Nc6 3. a4 dxc4 4. b4 Nxb4 5. Be3 Nc6 6. a5 b6 7. a6 Nb4 8. g4 Bxg4 9. h4 Bc8 10. h5 Bxa6 11. h6 gxh6 12. Rxh6 Nxh6 13. Nf3 Bg7 14. Rxa6 Nxa6 15. Kd2 Ng4 16. Bh3 Nxf2 17. Bg4 Nxd1 18. Kxd1 Qd5 19. Ng1 Qg5 20. Bh3 Qxe3 21. d5 Qxg1+ 22. Kd2 Qxb1 23. d6 Qe4 24. d7+ Kd8 25. Be6 fxe6 26. e3 Kxd7 27. Kc1 Qg2 28. e4 Rhf8 29. e5 Rf3 30. Kb1 Rf1# 0-1

[Event "Junior Online 4NCL Division 5"]
[Site "online"]
[Date "2021.03.04"]
[EventDate "2021.03.04"]
[Round "4.367"]
[White "Gardner, Oliver"]
[WhiteElo "731"]
[WhiteTeam "Surrey Kings 7"]
[Black "Masterskikh, Elena"]
[BlackElo "870"]
[BlackTeam "Golden Falcons 2"]
[Result "0-1"]
[PlyCount "122"]

1. e4 e5 2. Nf3 f6 3. Nc3 g5 4. Bc4 Ne7 5. d4 exd4 6. Nxd4 d6 7. Ne6 Qd7 8. Ng7+ Kd8 9. Ne6+ Ke8 10. Nd5 c6 11. Nxe7 Kxe7 12. Bxg5 fxg5 13. Qh5 d5 14. Qxg5+ Kxe6 15. exd5+ cxd5 16. Bxd5+ Qxd5 17. Qe3+ Qe5 18. O-O-O Qxe3+ 19. fxe3 Bh6 20. Rhe1 Ke7 21. Kb1 Bg4 22. Rd2 Rd8 23. Red1 Rxd2 24. Rxd2 Bxe3 25. Rd3 Bc5 26. b4 Bxb4 27. c4 a6 28. c5 b5 29. Rd5 Ke6 30. Rd6+ Ke5 31. a3 Bf5+ 32. Ka2 Bxc5 33. Rd8 b4 34. axb4 Bxb4 35. Re8+ Be6+ 36. Kb2 Bd6 37. g4 Kf6 38. g5+ Kxg5 39. Rxe6 Bc7 40. Rh6 Nd7 41. Rxh7 a5 42. h4+ Kf5 43. h5 a4 44. h6 Rb8+ 45. Ka3 Ra8 46. Rg7 Bd6+ 47. Kb2 a3+ 48. Ka2 Be5 49. Rh7 Nc5 50. Rf7+ Ke4 51. Re7 Na4 52. h7 Nc3+ 53. Ka1 Na4+ 54. Ka2 Nc3+ 55. Kb3 Nd5 56. Ra7 Rxa7 57. Kc4 a2 58. Kc5 a1=Q 59. Kc6 Qc1+ 60. Kb5 Rb7+ 61. Ka5 Qa1# 0-1

[Event "Junior Online 4NCL Division 5"]
[Site "online"]
[Date "2021.03.04"]
[EventDate "2021.03.04"]
[Round "4.368"]
[White "Masterskikh, Luka"]
[WhiteElo "500"]
[WhiteTeam "Golden Falcons 2"]
[Black "Liu, Kieron"]
[BlackElo "134"]
[BlackTeam "Surrey Kings 7"]
[Result "1-0"]
[PlyCount "127"]

1. d4 e5 2. c3 exd4 3. cxd4 d5 4. Nf3 Nf6 5. Qa4+ Bd7 6. Qd1 Nc6 7. e3 Bb4+ 8. Bd2 Bxd2+ 9. Qxd2 Ne4 10. Qd1 Nb4 11. a3 Nc6 12. Qa4 Nxd4 13. Qxd4 Qf6 14. Qb4 a5 15. Qb3 Nc5 16. Qc2 Bf5 17. Bb5+ c6 18. Qe2 cxb5 19. Qxb5+ Bd7 20. Qe2 O-O 21. O-O Nb3 22. Ra2 Ba4 23. Nc3 Bd7 24. Nxd5 Qe6 25. Nc7 Nd4 26. Qd3 Qxa2 27. Nxa8 Rxa8 28. Nxd4 Qxb2 29. Rb1 Qa2 30. h3 h6 31. Nb3 Ba4 32. Nxa5 Rxa5 33. Qd8+ Kh7 34. Rxb7 Qa1+ 35. Kh2 Qxa3 36. Rxf7 Rg5 37. g3 Qb2 38. h4 Rg6 39. Qd3 Be8 40. Rf4 Ba4 41. h5 Be8 42. hxg6+ Bxg6 43. Qd8 Qe5 44. g4 h5 45. Qh4 Bc2 46. gxh5 g6 47. hxg6+ Kxg6 48. Qg3+ Kh6 49. Rh4+ Qh5 50. Rxh5+ Kxh5 51. Qe5+ Kg4 52. Qf4+ Kh5 53. Kh3 Bd1 54. Qh4+ Kg6 55. Qg3+ Kh5 56. f3 Bc2 57. e4 Bxe4 58. fxe4 Kh6 59. e5 Kh5 60. e6 Kh6 61. e7 Kh5 62. e8=Q+ Kh6 63. Qe4 Kh5 64. Qeh4# 1-0

[Event "Junior Online 4NCL Division 5"]
[Site "online"]
[Date "2021.03.04"]
[EventDate "2021.03.04"]
[Round "4.371"]
[White "Pasha, Ahmed"]
[WhiteElo "900"]
[WhiteTeam "The Hall 5"]
[Black "Choi, Ethan"]
[BlackElo "925"]
[BlackTeam "Surrey Kings 6"]
[Result "1-0"]
[PlyCount "119"]

1. e4 e5 2. Nf3 Nc6 3. Nc3 Nf6 4. d3 Bb4 5. Bg5 d6 6. a3 Bg4 7. axb4 Nxb4 8. Nd5 Nc6 9. h3 Be6 10. Nh4 O-O 11. Nf3 Qd7 12. Bh4 Rad8 13. Ng5 Rfe8 14. Nxe6 fxe6 15. Bxf6 gxf6 16. Nxf6+ Kg7 17. Nxd7 Rxd7 18. Be2 d5 19. exd5 exd5 20. Bh5 Ree7 21. Qg4+ Kh6 22. Be8 Rd8 23. Qh5+ Kg7 24. Bxc6 bxc6 25. Rxa7 e4 26. dxe4 dxe4 27. Ra6 Rd6 28. Qh4 Kf7 29. Qxh7+ Ke6 30. Qxe4+ Kd7 31. Qxe7+ Kxe7 32. O-O Rd2 33. Re1+ Kd6 34. Rc1 Rd3 35. cxd3 Kd5 36. Rcxc6 Kd4 37. Ra3 Kd5 38. Rxc7 Kd6 39. Rc4 Kd5 40. Ra5+ Ke6 41. Rc7 Kd6 42. Rb7 Kc6 43. Rbb5 Kd6 44. Ra6+ Kc7 45. Rb7+ Kxb7 46. Ra3 Kc6 47. h4 Kd6 48. Ra4 Ke7 49. Rg4 Kf7 50. h5 Kf6 51. h6 Kf5 52. Rg8 Kf6 53. h7 Kf7 54. Rg3 Kf6 55. h8=Q+ Kf5 56. Qh4 Ke5 57. Rg5+ Kf6 58. Qh6+ Kf7 59. Rg7+ Kf8 60. Qh8# 1-0

[Event "Junior Online 4NCL Division 5"]
[Site "online"]
[Date "2021.03.04"]
[EventDate "2021.03.04"]
[Round "4.372"]
[White "Liu, Reuben"]
[WhiteElo "840"]
[WhiteTeam "Surrey Kings 6"]
[Black "Hansjee, Sebastian"]
[BlackElo "900"]
[BlackTeam "The Hall 5"]
[Result "1-0"]
[PlyCount "97"]

1. e4 e5 2. Nf3 Nc6 3. Bb5 Nf6 4. Bxc6 dxc6 5. Nxe5 Nxe4 6. Qe2 Qd5 7. Nf3 Bc5 8. Nc3 Qe6 9. Nxe4 Bb6 10. d3 O-O 11. Bf4 Qg6 12. Ne5 Qxg2 13. Qf3 Qxf3 14. Nxf3 Bg4 15. Nfg5 Rae8 16. f3 Bf5 17. O-O-O Be6 18. Nxe6 Rxe6 19. Ng5 Rf6 20. Nh3 c5 21. Be5 Rxf3 22. Rhg1 g6 23. Ng5 Rf5 24. Rde1 Re8 25. Rgf1 Rxg5 26. Bf4 Rxe1+ 27. Rxe1 Rf5 28. Rf1 c4 29. dxc4 Bd4 30. c3 Be3+ 31. Bxe3 Rxf1+ 32. Kd2 Rf6 33. Bd4 Rc6 34. b3 a6 35. a4 b5 36. axb5 axb5 37. cxb5 Re6 38. c4 c6 39. Bc3 cxb5 40. cxb5 Rd6+ 41. Ke3 Rd5 42. b6 Rb5 43. Bd4 Rxb3+ 44. Ke4 Rb4 45. Kd5 Rb5+ 46. Kc6 Rf5 47. b7 h5 48. b8=Q+ Kh7 49. Qh8# 1-0

[Event "Junior Online 4NCL Division 5"]
[Site "online"]
[Date "2021.03.04"]
[EventDate "2021.03.04"]
[Round "4.373"]
[White "Dean, Eskander"]
[WhiteElo "900"]
[WhiteTeam "The Hall 5"]
[Black "Ambrose, Daniel"]
[BlackElo "804"]
[BlackTeam "Surrey Kings 6"]
[Result "1-0"]
[PlyCount "57"]

1. d4 Nf6 2. Bf4 Nc6 3. Nc3 d5 4. Nb5 Kd7 5. Nxc7 Rb8 6. Ne6 fxe6 7. Bxb8 Nxb8 8. Nf3 Qb6 9. e3 Qxb2 10. Qb1 Qxb1+ 11. Rxb1 Ne4 12. Bb5+ Nc6 13. Ne5+ Kd6 14. Nf7+ Kd7 15. Nxh8 Nc3 16. Bxc6+ bxc6 17. Rb2 Ke8 18. O-O Ne2+ 19. Kh1 Ba6 20. Rb8+ Kd7 21. Rxf8 Ng3+ 22. fxg3 Bxf1 23. Rxf1 Kd6 24. Nf7+ Kd7 25. Ne5+ Kd6 26. Rb1 c5 27. Rb7 cxd4 28. exd4 a5 29. Ra7 1-0

[Event "Junior Online 4NCL Division 5"]
[Site "online"]
[Date "2021.03.04"]
[EventDate "2021.03.04"]
[Round "4.374"]
[White "Cole, Ted"]
[WhiteElo "850"]
[WhiteTeam "Surrey Kings 6"]
[Black "Penderis, Oliver"]
[BlackElo "900"]
[BlackTeam "The Hall 5"]
[Result "0-1"]
[PlyCount "86"]

1. d4 d5 2. Bf4 Nc6 3. Nf3 Nf6 4. Nc3 Bf5 5. Qd2 e6 6. Bg5 Bb4 7. Bxf6 Qxf6 8. Ne5 Nxe5 9. dxe5 Qxe5 10. O-O-O O-O 11. e3 h6 12. Bd3 Bxd3 13. Qxd3 Rfe8 14. Qd4 Qd6 15. a3 Bc5 16. h3 Bxd4 17. exd4 Qf4+ 18. Kb1 Qxf2 19. Rhf1 Qxg2 20. h4 b6 21. Nb5 Re7 22. Rfe1 a6 23. Nc3 c5 24. dxc5 bxc5 25. Re2 Qg4 26. Rh2 Rb8 27. b3 Qf5 28. Rhd2 Rxb3+ 29. Ka2 Rxc3 30. Rb1 Rxc2+ 31. Rxc2 Qxc2+ 32. Rb2 Qc4+ 33. Kb1 e5 34. Rb8+ Kh7 35. Rb2 e4 36. h5 e3 37. Rc2 Qb5+ 38. Kc1 e2 39. Rxe2 Qxe2 40. Kb1 Rb7+ 41. Kc1 Rb3 42. a4 Rh3 43. a5 Rh1# 0-1

[Event "Junior Online 4NCL Division 5"]
[Site "online"]
[Date "2021.03.04"]
[EventDate "2021.03.04"]
[Round "4.375"]
[White "Choi, Ethan"]
[WhiteElo "925"]
[WhiteTeam "Surrey Kings 6"]
[Black "Pasha, Ahmed"]
[BlackElo "900"]
[BlackTeam "The Hall 5"]
[Result "0-1"]
[PlyCount "122"]

1. e4 e5 2. Nf3 Nc6 3. Bc4 Bc5 4. d3 Nf6 5. Nc3 d6 6. Bg5 Bg4 7. Nd5 h6 8. Nxf6+ gxf6 9. Bxf6 Qxf6 10. O-O Qg6 11. h3 Bxh3 12. Nh4 Qg5 13. Qf3 Qxh4 14. Qxh3 Qxh3 15. gxh3 Rg8+ 16. Kh2 Nd4 17. c3 Nf3+ 18. Kh1 Nd2 19. Rfd1 Nxc4 20. dxc4 Bxf2 21. Rf1 Be3 22. h4 f6 23. b3 Rg4 24. h5 Rh4+ 25. Kg2 Rxh5 26. Rxf6 O-O-O 27. Rf7 Rg8+ 28. Kf3 Rh3+ 29. Ke2 Rg2+ 30. Kd3 h5 31. Raf1 Bd4+ 32. R1f3 Rxf3+ 33. Rxf3 Bc5 34. Rf8+ Kd7 35. Ra8 h4 36. Rh8 Rg3+ 37. Ke2 h3 38. Kf1 Rxc3 39. Rb8 h2 40. Kg2 Rc2+ 41. Kh1 Kc6 42. Rh8 Bg1 43. Rxh2 Rxh2+ 44. Kxg1 Rxa2 45. Kf1 Rb2 46. Ke1 Rxb3 47. Kd2 Rb4 48. Kc3 Kc5 49. Kd3 Rxc4 50. Ke3 a5 51. Kd2 a4 52. Kd1 a3 53. Kd2 a2 54. Kd1 a1=Q+ 55. Kd2 Rxe4 56. Kd3 Qd4+ 57. Kc2 Re3 58. Kc1 Qc4+ 59. Kd2 Qe2+ 60. Kc1 Rf3 61. Kb1 Rf1# 0-1

[Event "Junior Online 4NCL Division 5"]
[Site "online"]
[Date "2021.03.04"]
[EventDate "2021.03.04"]
[Round "4.376"]
[White "Hansjee, Sebastian"]
[WhiteElo "900"]
[WhiteTeam "The Hall 5"]
[Black "Liu, Reuben"]
[BlackElo "840"]
[BlackTeam "Surrey Kings 6"]
[Result "1-0"]
[PlyCount "53"]

1. d4 d5 2. Nc3 Nf6 3. Bf4 Nc6 4. Nb5 Qd7 5. Nxc7+ Kd8 6. Nxa8 Nxd4 7. Bc7+ Ke8 8. Qxd4 Ng4 9. Nh3 f6 10. e3 e5 11. Qxa7 d4 12. e4 Bb4+ 13. c3 dxc3 14. b3 c2+ 15. Ke2 Qd2+ 16. Kf3 c1=Q 17. Rxc1 Qxc1 18. Bb5+ Qc6 19. Bxc6+ bxc6 20. Rd1 Nxh2+ 21. Kg3 Bxh3 22. Kxh3 Nf3 23. gxf3 Rf8 24. Qb8+ Kf7 25. Qxb4 Rxa8 26. Rd7+ Ke6 27. Qd6# 1-0

[Event "Junior Online 4NCL Division 5"]
[Site "online"]
[Date "2021.03.04"]
[EventDate "2021.03.04"]
[Round "4.377"]
[White "Ambrose, Daniel"]
[WhiteElo "804"]
[WhiteTeam "Surrey Kings 6"]
[Black "Dean, Eskander"]
[BlackElo "900"]
[BlackTeam "The Hall 5"]
[Result "0-1"]
[PlyCount "134"]

1. e3 d5 2. Qf3 Nc6 3. c4 dxc4 4. Bxc4 Nf6 5. g4 Bxg4 6. Qf4 e6 7. h3 Bd6 8. Qg5 h6 9. Qxg7 Bf5 10. Qxh8+ Ke7 11. Qxh6 Qh8 12. Qxh8 Rxh8 13. h4 Nb4 14. Bb3 Nc2+ 15. Bxc2 Bxc2 16. d4 Bb4+ 17. Bd2 Bxd2+ 18. Kxd2 Bxb1 19. Rxb1 Ne4+ 20. Kd3 Nxf2+ 21. Ke2 Nxh1 22. Kf3 Rxh4 23. Ne2 Rh3+ 24. Kg2 Rxe3 25. Rxh1 Rxe2+ 26. Kf1 Rxb2 27. a4 Rb1+ 28. Kg2 Rxh1 29. Kxh1 Kd6 30. Kg2 Kd5 31. Kf3 Kxd4 32. Kf4 Kc5 33. Kg5 Kb4 34. Kf6 Kxa4 35. Kxf7 b5 36. Kxe6 b4 37. Kd5 b3 38. Kc4 Ka3 39. Kc3 Ka2 40. Kd2 b2 41. Kc2 b1=Q+ 42. Kc3 Qb3+ 43. Kd4 Kb2 44. Ke5 Qe3+ 45. Kd5 Kc3 46. Kc6 Qb6+ 47. Kd7 Qd6+ 48. Kc8 Kb4 49. Kb7 Qb6+ 50. Kc8 Kc5 51. Kd8 Kd6 52. Kc8 Qc6 53. Kb8 Qb6+ 54. Kc8 Ke6 55. Kd8 Qd6+ 56. Kc8 Qd7+ 57. Kb7 Kd6 58. Kb8 Kc6 59. Kxa7 Qd5 60. Kb8 Qb5+ 61. Kc8 Qb7+ 62. Kd8 Kd6 63. Ke8 Qc8+ 64. Kf7 Qe6+ 65. Kg7 Ke7 66. Kh7 Kf7 67. Kh8 Qh6# 0-1

[Event "Junior Online 4NCL Division 5"]
[Site "online"]
[Date "2021.03.04"]
[EventDate "2021.03.04"]
[Round "4.378"]
[White "Penderis, Oliver"]
[WhiteElo "900"]
[WhiteTeam "The Hall 5"]
[Black "Cole, Ted"]
[BlackElo "850"]
[BlackTeam "Surrey Kings 6"]
[Result "0-1"]
[PlyCount "62"]

1. e4 e5 2. Nf3 Nc6 3. Nc3 Bb4 4. Bb5 d6 5. d3 Bd7 6. Bg5 f6 7. Bh4 g5 8. Bg3 Nd4 9. a3 Bxc3+ 10. bxc3 Nxb5 11. O-O Nxc3 12. Qe1 Nb5 13. h3 g4 14. h4 gxf3 15. gxf3 Nd4 16. Rb1 Nxf3+ 17. Kg2 Nxe1+ 18. Rfxe1 Nh6 19. Rxb7 Ng4 20. Rbb1 Rg8 21. c3 Nxf2 22. Kxf2 Rb8 23. Rbc1 f5 24. c4 f4 25. Bh2 Qxh4+ 26. Ke2 Qxh2+ 27. Kd1 Rg1 28. Rxg1 Qxg1+ 29. Kc2 Qg2+ 30. Kd1 Bg4+ 31. Ke1 Qe2# 0-1

[Event "Junior Online 4NCL Division 5"]
[Site "online"]
[Date "2021.03.18"]
[EventDate "2021.03.18"]
[Round "5.11"]
[White "Shi, Shaoquan"]
[WhiteElo "1513"]
[WhiteTeam "London Dragons Kings"]
[Black "Sanger, Jake M"]
[BlackElo "2343"]
[BlackTeam "Lenzie Basilisks"]
[Result "0-1"]
[PlyCount "98"]

1. d4 Nf6 2. c4 g6 3. Nc3 d5 4. cxd5 Nxd5 5. e4 Nxc3 6. bxc3 Bg7 7. Nf3 c5 8. Be3 Qa5 9. Bd2 O-O 10. Bd3 Rd8 11. e5 Nc6 12. d5 Nxe5 13. Nxe5 Bxe5 14. c4 Qc7 15. Rb1 e6 16. Be4 Re8 17. O-O Bxh2+ 18. Kh1 Bf4 19. Bc3 Be5 20. Bd2 Qe7 21. g3 exd5 22. Bxd5 Be6 23. Bxb7 Rab8 24. Bd5 Bf5 25. Rxb8 Rxb8 26. Re1 Rb1 27. Qe2 Rxe1+ 28. Qxe1 Bf6 29. Qxe7 Bxe7 30. Bf4 a5 31. Bc7 a4 32. Bc6 a3 33. Bf4 Bf6 34. Ba4 h5 35. Bb3 Kg7 36. Bc1 Bb2 37. Be3 Bd4 38. Bc1 Bxf2 39. Kg2 Bd4 40. Bxa3 Be4+ 41. Kh3 g5 42. Bc1 Kg6 43. a4 Bg1 44. g4 hxg4+ 45. Kxg4 f5+ 46. Kh3 Bf2 47. a5 g4+ 48. Kh2 g3+ 49. Kh3 g2 0-1

[Event "Junior Online 4NCL Division 5"]
[Site "online"]
[Date "2021.03.18"]
[EventDate "2021.03.18"]
[Round "5.12"]
[White "Kitaev, Daniel"]
[WhiteElo "1405"]
[WhiteTeam "Lenzie Basilisks"]
[Black "Xu, Jiarui"]
[BlackElo "1452"]
[BlackTeam "London Dragons Kings"]
[Result "1-0"]
[PlyCount "81"]

1. e4 e5 2. Nf3 Nc6 3. Bc4 Bc5 4. d3 h6 5. Be3 Bb6 6. c3 Nf6 7. Nbd2 d6 8. h3 Be6 9. Bb3 O-O 10. Qc2 Bxb3 11. Nxb3 Re8 12. a4 a6 13. a5 Bxe3 14. fxe3 Qd7 15. O-O Rad8 16. Qe2 Nh5 17. Qf2 Nf6 18. Nbd2 d5 19. exd5 Qxd5 20. d4 exd4 21. exd4 Nxa5 22. Rfe1 Nc4 23. Nxc4 Qxc4 24. Ra5 b6 25. Ne5 Qb3 26. Rxa6 Ra8 27. Rea1 Rxa6 28. Rxa6 Qb5 29. Ra7 Re7 30. b4 Qe8 31. Qf3 Qb5 32. Qa8+ Re8 33. Qc6 Rxe5 34. Qxc7 Re1+ 35. Kh2 Qe8 36. Rb7 Kh7 37. Qxb6 Nd5 38. Qc5 Ne7 39. b5 Ng6 40. Qf5 Qe2 41. Qxf7 1-0

[Event "Junior Online 4NCL Division 5"]
[Site "online"]
[Date "2021.03.18"]
[EventDate "2021.03.18"]
[Round "5.13"]
[White "Fang, Moyao"]
[WhiteElo "1367"]
[WhiteTeam "London Dragons Kings"]
[Black "Moroz, Michael"]
[BlackElo "1330"]
[BlackTeam "Lenzie Basilisks"]
[Result "1-0"]
[PlyCount "77"]

1. e4 e5 2. Nf3 Nc6 3. Bc4 Bc5 4. c3 Nf6 5. d4 exd4 6. e5 Ng8 7. cxd4 Bb4+ 8. Nc3 Nge7 9. d5 Bxc3+ 10. bxc3 Nb8 11. d6 cxd6 12. exd6 Ng6 13. Bg5 Qa5 14. Qe2+ Kf8 15. Be7+ Kg8 16. Bxf7+ Kxf7 17. Qc4+ Ke8 18. Qxc8+ Kf7 19. Ng5+ Qxg5 20. Qc4+ Ke8 21. Bxg5 Nc6 22. Qe4+ Kf7 23. Qd5+ Ke8 24. O-O-O h6 25. Rhe1+ Kf8 26. Qf5+ Kg8 27. Qxg6 hxg5 28. Re8+ Rxe8 29. Qxe8+ Kh7 30. Qh5+ Kg8 31. Qe8+ Kh7 32. Qe4+ g6 33. Qd5 Kh6 34. Rd3 g4 35. h3 Re8 36. hxg4 Ne5 37. Rh3+ Kg5 38. f3 Kf4 39. Qd2# 1-0

[Event "Junior Online 4NCL Division 5"]
[Site "online"]
[Date "2021.03.18"]
[EventDate "2021.03.18"]
[Round "5.14"]
[White "Wilson, Florence"]
[WhiteElo "1360"]
[WhiteTeam "Lenzie Basilisks"]
[Black "Zhu, Pengxiao"]
[BlackElo "1411"]
[BlackTeam "London Dragons Kings"]
[Result "0-1"]
[PlyCount "56"]

1. e4 e5 2. Nf3 Nc6 3. Bc4 Nf6 4. Ng5 d5 5. exd5 b5 6. Bxb5 Qxd5 7. Nc3 Qxg2 8. Rf1 Bd7 9. d3 Bc5 10. Qe2 O-O 11. Bxc6 Qxc6 12. Qxe5 Rfe8 13. Bf4 Rxe5+ 14. Bxe5 h6 15. Nge4 Nxe4 16. Nxe4 Qe6 17. Bxc7 f5 18. O-O-O fxe4 19. dxe4 Rc8 20. Bg3 Qxe4 21. Kb1 Bf5 22. Rd2 Bb4 23. Rd3 Rxc2 24. Rd8+ Kh7 25. Ka1 Rxb2 26. Rdd1 Rxa2+ 27. Kxa2 Qc2+ 28. Ka1 Bc3# 0-1

[Event "Junior Online 4NCL Division 5"]
[Site "online"]
[Date "2021.03.18"]
[EventDate "2021.03.18"]
[Round "5.15"]
[White "Sanger, Jake M"]
[WhiteElo "2343"]
[WhiteTeam "Lenzie Basilisks"]
[Black "Shi, Shaoquan"]
[BlackElo "1513"]
[BlackTeam "London Dragons Kings"]
[Result "1-0"]
[PlyCount "57"]

1. d4 Nf6 2. Nf3 g6 3. c4 Bg7 4. Nc3 d6 5. e4 O-O 6. Be2 Nbd7 7. O-O e5 8. d5 Ne8 9. a4 Kh8 10. a5 Rg8 11. b4 f5 12. Ng5 Bf6 13. Nf7+ Kg7 14. Nxd8 Bxd8 15. c5 Kh8 16. c6 bxc6 17. dxc6 Ndf6 18. Bg5 f4 19. f3 Kg7 20. b5 h6 21. Bxf6+ Nxf6 22. Nd5 g5 23. Nxf6 Kxf6 24. Bc4 Rg7 25. b6 axb6 26. axb6 Rxa1 27. Qxa1 cxb6 28. Rd1 Bc7 29. Qa3 1-0

[Event "Junior Online 4NCL Division 5"]
[Site "online"]
[Date "2021.03.18"]
[EventDate "2021.03.18"]
[Round "5.16"]
[White "Xu, Jiarui"]
[WhiteElo "1452"]
[WhiteTeam "London Dragons Kings"]
[Black "Kitaev, Daniel"]
[BlackElo "1405"]
[BlackTeam "Lenzie Basilisks"]
[Result "1-0"]
[PlyCount "137"]

1. e4 d5 2. exd5 Nf6 3. Nc3 Nxd5 4. Nxd5 Qxd5 5. d3 Nc6 6. Nf3 Bg4 7. Be2 O-O-O 8. h3 Bh5 9. O-O e5 10. c4 Qd7 11. Nxe5 Bxe2 12. Qxe2 Nxe5 13. Qxe5 Qxd3 14. Be3 f6 15. Qg3 Qxc4 16. Rac1 Qf7 17. Bxa7 Bd6 18. Qg4+ f5 19. Qc4 Qxc4 20. Rxc4 Rhe8 21. Rfc1 Re7 22. Bc5 Bxc5 23. Rxc5 g6 24. R5c2 Red7 25. Kh2 c6 26. b4 Rd2 27. b5 Rxc2 28. Rxc2 Kc7 29. bxc6 bxc6 30. Kg3 h6 31. f3 Kb6 32. Kf4 Rd5 33. h4 Rc5 34. Rxc5 Kxc5 35. Ke5 Kc4 36. Kd6 c5 37. a4 Kb4 38. a5 c4 39. a6 c3 40. a7 c2 41. a8=Q c1=Q 42. Qb7+ Ka4 43. Qc6+ Qxc6+ 44. Kxc6 Kb4 45. Kd5 g5 46. hxg5 hxg5 47. Ke5 g4 48. Kxf5 gxf3 49. gxf3 Kc5 50. Ke5 Kc6 51. Ke6 Kc7 52. Ke7 Kc8 53. f4 Kc7 54. f5 Kc6 55. f6 Kc5 56. f7 Kd5 57. f8=Q Kd4 58. Qd8+ Ke4 59. Qd6 Kf5 60. Qe6+ Kg5 61. Qf6+ Kh5 62. Ke6 Kg4 63. Ke5 Kg3 64. Qf4+ Kh3 65. Qg5 Kh2 66. Qg4 Kh1 67. Kf4 Kh2 68. Kf3 Kh1 69. Qg2# 1-0

[Event "Junior Online 4NCL Division 5"]
[Site "online"]
[Date "2021.03.18"]
[EventDate "2021.03.18"]
[Round "5.17"]
[White "Moroz, Michael"]
[WhiteElo "1330"]
[WhiteTeam "Lenzie Basilisks"]
[Black "Fang, Moyao"]
[BlackElo "1367"]
[BlackTeam "London Dragons Kings"]
[Result "1-0"]
[PlyCount "61"]

1. e4 c5 2. Nf3 d6 3. c3 Nf6 4. Be2 Nc6 5. d4 cxd4 6. cxd4 Nxe4 7. d5 Qa5+ 8. Nc3 Nxc3 9. bxc3 Qxc3+ 10. Bd2 Qc5 11. dxc6 bxc6 12. Rc1 Qb6 13. O-O Bd7 14. Be3 Qc7 15. Nd4 g6 16. Bg4 Bxg4 17. Qxg4 Bg7 18. Rxc6 Qb7 19. Rfc1 O-O 20. Rc7 Qb2 21. Rc8 Raxc8 22. Rxc8 Qa1+ 23. Rc1 Qb2 24. g3 f5 25. Qd1 e5 26. Ne6 Rf6 27. Nxg7 Kxg7 28. Rc7+ Kf8 29. Bh6+ Ke8 30. Qa4+ Kd8 31. Qd7# 1-0

[Event "Junior Online 4NCL Division 5"]
[Site "online"]
[Date "2021.03.18"]
[EventDate "2021.03.18"]
[Round "5.18"]
[White "Zhu, Pengxiao"]
[WhiteElo "1411"]
[WhiteTeam "London Dragons Kings"]
[Black "Wilson, Florence"]
[BlackElo "1360"]
[BlackTeam "Lenzie Basilisks"]
[Result "0-1"]
[PlyCount "80"]

1. d4 d5 2. c4 e6 3. Nf3 Nf6 4. Nc3 Be7 5. Bf4 O-O 6. e3 b6 7. Be2 Bb7 8. cxd5 Nxd5 9. Nxd5 Qxd5 10. Qd3 Bb4+ 11. Kf1 Nd7 12. Qc4 a5 13. Qxd5 Bxd5 14. Bxc7 Rac8 15. Bf4 Rc2 16. b3 Nf6 17. Bd3 Rc3 18. Rd1 Nh5 19. Bg3 Rfc8 20. Ke2 Nf6 21. Rhg1 Be4 22. Bxe4 Nxe4 23. d5 Rc2+ 24. Kf1 Rc1 25. Ke2 Nc3+ 26. Kd3 Rxd1+ 27. Rxd1 Nxd1 28. dxe6 fxe6 29. a4 Nc3 30. Nd4 Rd8 31. Kc4 Ne4 32. Nxe6 Rd2 33. Bc7 Rxf2 34. Bxb6 Rxg2 35. h4 Rg6 36. Kd5 Nf6+ 37. Ke5 Nd7+ 38. Kf5 Nxb6 39. h5 Rh6 40. Kg5 Rxe6 0-1